000 01515nam a2200337 a 4500
001 ebr10516934
003 CaPaEBR
006 m u
007 cr cn|||||||||
008 080125s2008 nyu sb 000 0 eng d
010 _z 2008003456
020 _z9780820486147 (hardcover alk. paper)
020 _z9781453902943 (e-book)
040 _aCaPaEBR
_cCaPaEBR
035 _a(OCoLC)774287381
050 1 4 _aHQ460
_b.B67 2008eb
082 0 4 _a306.77
_222
100 1 _aBoodakian, Florence Dee,
_d1961-
245 1 0 _aResisting nudities
_h[electronic resource] :
_ba study in the aesthetics of eroticism /
_cFlorence Dee Boodakian.
260 _aNew York :
_bPeter Lang,
_cc2008.
300 _a102 p.
504 _aIncludes bibliographical references.
505 0 _aThe resisting nude -- The bare necessity of the kiss -- The sense connection : poesis making & the erotic -- Porn & the erotic : a border of impossibility -- Surveilled body/surveilled mind -- Resistance, revolt and the poetry of jouissance.
533 _aElectronic reproduction.
_bPalo Alto, Calif. :
_cebrary,
_d2012.
_nAvailable via World Wide Web.
_nAccess may be limited to ebrary affiliated libraries.
650 0 _aHuman body
_xErotic aspects.
650 0 _aNudity
_xSocial aspects.
650 0 _aEroticism in literature.
655 7 _aElectronic books.
_2local
710 2 _aebrary, Inc.
856 4 0 _uhttp://site.ebrary.com/lib/rucke/Doc?id=10516934
_zAn electronic book accessible through the World Wide Web; click to view
999 _c223864
_d223864